| 000 -LEADER |
| fixed length control field |
00747nam a2200265Ia 4500 |
| 001 - CONTROL NUMBER |
| control field |
939 |
| 003 - CONTROL NUMBER IDENTIFIER |
| control field |
GE_BSU |
| 008 - FIXED-LENGTH DATA ELEMENTS--GENERAL INFORMATION |
| fixed length control field |
181216s||||||||xx |||||||||||||| ||und|| |
| 020 ## - INTERNATIONAL STANDARD BOOK NUMBER |
| International Standard Book Number |
5040047967 |
| 040 ## - CATALOGING SOURCE |
| Transcribing agency |
GE_BSU |
| 080 ## - UNIVERSAL DECIMAL CLASSIFICATION NUMBER |
| Universal Decimal Classification number |
159.9:159.97 |
| 100 ## - MAIN ENTRY--PERSONAL NAME |
| Personal name |
Зейгарник, Б.В. |
| 245 ## - TITLE STATEMENT |
| Title |
Патопсихология. |
| 245 ## - TITLE STATEMENT |
| Remainder of title |
(серия,,Кафедра Психологии") |
| 245 ## - TITLE STATEMENT |
| Statement of responsibility, etc. |
Под.ред.А.С.Спиваковской. |
| 260 ## - PUBLICATION, DISTRIBUTION, ETC. |
| Place of publication, distribution, etc. |
Москва |
| 260 ## - PUBLICATION, DISTRIBUTION, ETC. |
| Name of publisher, distributor, etc. |
Апрель-пресс,Эксмо-пресс |
| 260 ## - PUBLICATION, DISTRIBUTION, ETC. |
| Date of publication, distribution, etc. |
2000 |
| 300 ## - PHYSICAL DESCRIPTION |
| Extent |
576 с. |
| 653 ## - INDEX TERM--UNCONTROLLED |
| Uncontrolled term |
Патопсихология |
| 653 ## - INDEX TERM--UNCONTROLLED |
| Uncontrolled term |
Психология |
| 653 ## - INDEX TERM--UNCONTROLLED |
| Uncontrolled term |
ფსიქოლოგია |
| 942 ## - ADDED ENTRY ELEMENTS (KOHA) |
| Koha item type |
წიგნი |